DESH HAM JALANE NHI DENGE (Record no. 18557)

MARC details
000 -LEADER
fixed length control field 00262nam a22001217a 4500
003 - CONTROL NUMBER IDENTIFIER
control field SGT
082 ## - DEWEY DECIMAL CLASSIFICATION NUMBER
Classification number 370
Item number NIS
100 ## - MAIN ENTRY--PERSONAL NAME
Personal name NISANK, RAMESH POKHRIYAL
245 ## - TITLE STATEMENT
Title DESH HAM JALANE NHI DENGE
260 ## - PUBLICATION, DISTRIBUTION, ETC. (IMPRINT)
Place of publication, distribution, etc DEHI
Name of publisher, distributor, etc HP. PUB.
Year of Publication 2009
300 ## - PAGE DESCRIPTION
No. of Pages 80
942 ## - ADDED ENTRY ELEMENTS (KOHA)
Source of classification or shelving scheme Dewey Decimal Classification
Koha item type Books
Holdings
Withdrawn status Lost status Source of classification or shelving scheme Damaged status Not for loan Collection code Home library Current library Date acquired SGTU Total Checkouts Full call number Accession No. (Barcode) Date last seen Bill Date Koha item type
    Dewey Decimal Classification     MASS COMMUNICATION SGT Science & Social Sciences Library SGT Science & Social Sciences Library 22/07/2019 SGTU   370 NIS MC603 22/07/2019 22/07/2019 Books